000 00439nam a2200181Ia 4500
008 210210b1960 xxu||||| |||| 00| 0 eng d
041 _aeng
082 _a535/20
100 _aCOOKE YARBOROUGH (E H)
245 _aIntroduction to transistor circuits
260 _aEdinburch
_bOliver & Boyd
_c1960
300 _axii,158
650 _atransistor
650 _aIntroduction
650 _acircuits
690 _aHeat
906 _a008638
999 _c126470
_d126470